Eastern Utah Libraries Catalog: Duchesne, Heber, Roosevelt, & Vernal

Flag day / (Record no. 367675)

MARC details
000 -LEADER
fixed length control field 02718cgm a2200625Ki 4500
001 - CONTROL NUMBER
control field on1274168439
003 - CONTROL NUMBER IDENTIFIER
control field OCoLC
005 - DATE AND TIME OF LATEST TRANSACTION
control field 20211116135607.0
007 - PHYSICAL DESCRIPTION FIXED FIELD--GENERAL INFORMATION
fixed length control field vd cvaizq
008 - FIXED-LENGTH DATA ELEMENTS--GENERAL INFORMATION
fixed length control field 211011s2021 xxu107 vleng d
040 ## - CATALOGING SOURCE
Original cataloging agency TEFMT
Language of cataloging eng
Description conventions rda
Transcribing agency TEFMT
Modifying agency TEF
-- OCLCF
-- WACOL
024 1# - OTHER STANDARD IDENTIFIER
Standard number or code 810072546746
035 ## - SYSTEM CONTROL NUMBER
System control number (OCoLC)1274168439
037 ## - SOURCE OF ACQUISITION
Source of stock number/acquisition Midwest Tape
Note http://www.midwesttapes.com
050 #4 - LIBRARY OF CONGRESS CALL NUMBER
Classification number PN1997.2
Item number .F53 2021
082 04 - DEWEY DECIMAL CLASSIFICATION NUMBER
Classification number 791.43/72
Edition number 23
092 ## - LOCALLY ASSIGNED DEWEY CALL NUMBER (OCLC)
Classification number DVD
Item number Fla
049 ## - LOCAL HOLDINGS (OCLC)
Holding library WACL
245 00 - TITLE STATEMENT
Title Flag day /
Statement of responsibility, etc producer, Tim Lee, Michael Cho ; director, Sean Penn.
264 #1 - Production, Publication, Distribution, Manufacture, and Copyright Notice.
Place of production, publication, distribution, manufacture [United States] :
Name of producer, publisher, distributor, manufacturer Voco Productions,
Date of production, publication, distribution, manufacture, or copyr [2021]
300 ## - PHYSICAL DESCRIPTION
Extent 1 videodisc (107 min.) :
Other physical details sound, color ;
Dimensions 4 3/4 in.
336 ## - Content Type
Content type term two-dimensional moving image
337 ## - Media type
Media type term video
338 ## - Carrier type
Carrier type term videodisc
344 ## -
-- digital
-- rdatr
344 ## -
-- optical
-- rdarm
347 ## -
-- video file
-- rdaft
347 ## -
-- DVD video
380 ## -
-- Motion pictures
-- lcgft
538 ## - SYSTEM DETAILS NOTE
System details note DVD, wide screen.
500 ## - GENERAL NOTE
General note Title from web page.
511 1# - PARTICIPANT OR PERFORMER NOTE
Participant or performer note Sean Penn, Dylan Penn, Regina King, Katheryn Winnick, Josh Brolin, Eddie Marsan, Hopper Penn, Norbert Leo Butz.
500 ## - GENERAL NOTE
General note Originally released as a motion picture in 2021.
500 ## - GENERAL NOTE
General note Wide screen.
521 8# - TARGET AUDIENCE NOTE
Target audience note Rating: R; for language, some drug use and violent content.
520 ## - SUMMARY, ETC.
Summary, etc Jennifer Vogel's father John taught her so much about love and joy, but he also happened to be the most notorious counterfeiter in US history. Directed by Sean Penn, the film stars Penn and his daughter Dylan Penn in an intimate family portrait of a young woman who struggles to rise above the wreckage of her past while reconciling the inescapable bond between a daughter and her father.
521 ## - TARGET AUDIENCE NOTE
Target audience note DVD
Source Amazon
650 #0 - SUBJECT ADDED ENTRY--TOPICAL TERM
Topical term or geographic name as entry element Fathers and daughters
Form subdivision Drama.
9 (RLIN) 5690624
650 #0 - SUBJECT ADDED ENTRY--TOPICAL TERM
Topical term or geographic name as entry element Counterfeiters
Form subdivision Drama.
9 (RLIN) 6433923
650 #7 - SUBJECT ADDED ENTRY--TOPICAL TERM
Topical term or geographic name as entry element Counterfeiters.
Source of heading or term fast
-- (OCoLC)fst00881319
650 #7 - SUBJECT ADDED ENTRY--TOPICAL TERM
Topical term or geographic name as entry element Fathers and daughters.
Source of heading or term fast
-- (OCoLC)fst00921890
655 #7 - INDEX TERM--GENRE/FORM
Genre/form data or focus term Drama.
Source of term fast
-- (OCoLC)fst01423879
655 #7 - INDEX TERM--GENRE/FORM
Genre/form data or focus term Feature films.
Source of term fast
-- (OCoLC)fst01710384
655 #7 - INDEX TERM--GENRE/FORM
Genre/form data or focus term Thrillers (Motion pictures)
Source of term fast
-- (OCoLC)fst01726193
655 #7 - INDEX TERM--GENRE/FORM
Genre/form data or focus term Thrillers (Motion pictures)
Source of term lcgft
9 (RLIN) 6433924
655 #7 - INDEX TERM--GENRE/FORM
Genre/form data or focus term Feature films.
Source of term lcgft
9 (RLIN) 6433925
700 1# - ADDED ENTRY--PERSONAL NAME
Personal name Lee, Tim,
Relator term film producer.
9 (RLIN) 6433926
700 1# - ADDED ENTRY--PERSONAL NAME
Personal name Cho, Michael,
Relator term film director.
9 (RLIN) 76592
700 1# - ADDED ENTRY--PERSONAL NAME
Personal name Penn, Sean,
Dates associated with a name 1960-
Relator term film director,
-- actor.
9 (RLIN) 30615
700 1# - ADDED ENTRY--PERSONAL NAME
Personal name Penn, Dylan,
Relator term actor.
9 (RLIN) 6433927
700 1# - ADDED ENTRY--PERSONAL NAME
Personal name King, Regina,
Relator term actor.
9 (RLIN) 61596
700 1# - ADDED ENTRY--PERSONAL NAME
Personal name Winnick, Katheryn,
Relator term actor.
9 (RLIN) 5759952
710 2# - ADDED ENTRY--CORPORATE NAME
Corporate name or jurisdiction name as entry element Voco Productions (Firm),
Relator term publisher.
9 (RLIN) 6433928
994 ## -
-- C0
-- WACOL
Holdings
Withdrawn status Lost status Source of classification or shelving scheme Damaged status Not for loan Collection code Home library Current library Shelving location Date acquired Source of acquisition Total Checkouts Total Renewals Full call number Barcode Date last seen Date checked out Cost, replacement price Price effective from Koha item type
    Dewey Decimal Classification     Movies Wasatch County Library Wasatch County Library Audio Visual Area 11/16/2021 Amazon 4 5 DVD Fla 34301001885153 07/07/2025 06/30/2025 16.79 11/16/2021 DVD
This project was made possible through a grant from the Institute of Museum and Library Service administered by the Utah State Library Division.

Wasatch County Library

  • 465 East 1200 South, Heber City, Utah 84032
  • Phone 435-654-1511 | Fax 435-654-6456

Hours

  • Monday - Friday 9:30 AM - 8:00 PM
  • Saturday 9:30 AM - 1:30 PM
  • Closed Sundays and Holidays